The Best of Raja Rao/ (Record no. 171854)

MARC details
000 -LEADER
fixed length control field 00577nam a2200193 4500
005 - DATE AND TIME OF LATEST TRANSACTION
control field 20200122123213.0
010 ## - LCCN (DPL NO)
LC control number ENG-127512
020 ## - INTERNATIONAL STANDARD BOOK NUMBER
Terms of availability 175.00
International Standard Book Number 9788187649120
035 ## - SYSTEM CONTROL NUMBER
System control number EN-111044
037 ## - SOURCE OF ACQUISITION
Source of stock number/acquisition DBAD/PUB
082 ## - DEWEY DECIMAL CLASSIFICATION NUMBER
Classification number 881
245 ## - TITLE STATEMENT
Title The Best of Raja Rao/
Statement of responsibility, etc edited by Makarand Paranjape
260 ## - PUBLICATION, DISTRIBUTION, ETC. (IMPRINT)
Place of publication, distribution, etc New Delhi
Name of publisher, distributor, etc Katha Urdu Library
Date of publication, distribution, etc 1998
270 ## - ADDRESS
Address A-3 Sarvodaya Enclave Sri Aurobindo Marg
City New Delhi
Postal code 110017
300 ## - PHYSICAL DESCRIPTION
Extent 194p.
Dimensions 21cm(pbk)
500 ## - GENERAL NOTE
General note includes bibliographical references
700 ## - ADDED ENTRY--PERSONAL NAME
Personal name Paranjape,Makarand
942 ## - ADDED ENTRY ELEMENTS (KOHA)
Source of classification or shelving scheme Dewey Decimal Classification
Item type English Books
Classification part S
Call number suffix BES
Holdings
Withdrawn status Lost status Not for loan Collection code Home library Current library Date acquired Source of acquisition Cost, normal purchase price Full call number Barcode Copy number Cost, replacement price Koha item type
      Non-fiction Central Library Central Library 22/01/2020 DBAD/PUB 175.00 881 EN-111044 1 250.00 English Books

© Delhi Public Library
Hit Counter
free hit counter